000 02649cam a2200265 a 4500
020 _a9789251070475
020 _a9251070474
040 _cDLC
082 _a690 FOO 2011 A051 Or.
245 0 0 _aRural structures in the tropics :
_bdesign and development /
260 _aRome :
_bFood and Agriculture Organization of the United Nations,
_c2011.
300 _axii, 481, [4] p. :
_bill., maps ;
_c30 cm.
500 _a"CTA"--Cover.
500 _a"Based on the FAO publication Farm structures in tropical climates"--P. xi.
520 _a"This book is an effort by FAO to compile an up-to-date, comprehensive text on rural structures and services in the tropics, focusing on structures for small- to medium-scale farms and, to some extent, village-scale agricultural infrastructure. The earlier edition, entitled Farm structures in tropical climates: a textbook for structural engineering and design, published in 1986, has been used for over two decades as a standard textbook for teaching undergraduate and postgraduate courses on rural structures and services in universities throughout sub-Saharan Africa. This second edition will help to improve teaching - at all educational levels - on the subject of rural buildings in developing countries in the tropics and it will assist professionals currently engaged in providing technical advice on rural structures and services, from either agricultural extension departments or non-governmental rural development organizations. This book will also provide technical guidance in the context of disaster recovery and rehabilitation, for rebuilding the sound rural structures and related services that are key to development and economic sustainability. While this book is intended primarily for teaching university - and college-level agricultural engineering students about rural structures and services, resources might be made available to produced textbooks based on this material for teaching at other educational levels. Although parts of the background material relate specifically to East and Southeast Africa, the book's principles apply to the whole of tropical Africa, Latin America and South Asia because, while building traditions may vary, the available materials are similar"--P. [4] of cover.
650 0 _aFarm buildings
650 0 _aFarm buildings
650 0 _aFarm layout
650 0 _aFarm layout
700 1 _aMrema, Geoffrey C.
710 2 _aFood and Agriculture Organization of the United Nations.
710 2 _aTechnical Centre for Agricultural and Rural Cooperation (Ede, Netherlands)
856 4 1 _uhttp://www.fao.org/docrep/015/i2433e/i2433e.pdf
942 _cEK
999 _c14527
_d14527